Fluctuaciones monetarias y estados contables (Registro nro. 1885)

Detalles MARC
000 -LEADER
fixed length control field 01978 a2200205 4500
001 - CONTROL NUMBER
control field 29484
005 - DATE AND TIME OF LATEST TRANSACTION
control field 20260407155604.0
008 - FIXED-LENGTH DATA ELEMENTS--GENERAL INFORMATION
fixed length control field 260407a1969 arg spa d
003 - CONTROL NUMBER IDENTIFIER
control field AR-UNSa-BCEJYS
040 ## - CATALOGING SOURCE
Original cataloging agency AR-UNSa-BCEJYS
Language of cataloging spa
Transcribing agency AR-UNSa-BCEJYS
080 ## - UNIVERSAL DECIMAL CLASSIFICATION NUMBER
Universal Decimal Classification number 657.23
Common auxiliary subdivision Compensaciones. Correcciones. Ajustes (devaluación monetaria)
100 1# - MAIN ENTRY--PERSONAL NAME
Personal name López Santiso, Horacio
245 10 - TITLE STATEMENT
Title Fluctuaciones monetarias y estados contables
264 #1 - PRODUCTION, PUBLICATION, DISTRIBUTION, MANUFACTURE, AND COPYRIGHT NOTICE
Place of production, publication, distribution, manufacture Buenos Aires :
Name of producer, publisher, distributor, manufacturer Ediciones Macchi
Date of production, publication, distribution, manufacture, or copyright notice 1969
300 ## - PHYSICAL DESCRIPTION
Extent 467 p.
Dimensions 23 cm.
505 ## - FORMATTED CONTENTS NOTE
Formatted contents note Parte I: La contabilidad ante la inflación: 1. Limitaciones monetarias en períodos de envilecimiento monetario - 2. Las posiciones en la doctrina hasta la VII conferencia Interamericana de contabilidad - 3. La práctica contable actual - 4. Las soluciones "no integrales" - 5. La necesidad de un nuevo enfoque -- Parte II: Método integral. Su fundamentación teórico-práctica: 6. Ganancias. Concepto y forma de medición - 7. Comportamiento del valor de los rubros de los estados contables y su influencia en la determinación de resultados - 8. El ajuste integral. Sus objetivos y el método adecuado para alcanzarlos - 9. Fundamentación teórica de la mecánica del método integral de ajuste - 10. Significado contable de los resultados por exposición a la inflación - 11. Ejemplo simplificado del proceso integral de ajuste -- Parte III: Método integral. Normas para su aplicación: 12. El proceso secuencial de ajuste integral - 13. Normas específicas por rubro - 14. Otros aspectos que hacen a la aplicación del método -- Parte IV: Método integral. Sus posibilidades de aplicación generalizada: 15. Las ventajas del método integral a través de la comparación con los métodos "no integrales" - 16. Aclaraciones sobre los "defectos" que se imputan al método integral - 17. Conclusión -- Parte V: Aplicación práctica: 18. Casos
590 ## - LOCAL NOTE (RLIN)
Local note niveau_biblio:m niveau_hierar:0
700 1# - ADDED ENTRY--PERSONAL NAME
Personal name Panagi, Luis Andres
942 ## - ADDED ENTRY ELEMENTS (KOHA)
Koha item type
Existencias
Withdrawn status Lost status Damaged status Not for loan Home library Current library Shelving location Date acquired Total checkouts Full call number Barcode Date last seen Price effective from Koha item type
        Biblioteca Prof. Eusebio Cleto del Rey Biblioteca Prof. Eusebio Cleto del Rey   07/04/2026   657.23 L864u L23985 07/04/2026 07/04/2026 Libro
        Biblioteca Prof. Eusebio Cleto del Rey Biblioteca Prof. Eusebio Cleto del Rey   07/04/2026   657.23 L864u L24288 07/04/2026 07/04/2026 Libro
        Biblioteca Prof. Eusebio Cleto del Rey Biblioteca Prof. Eusebio Cleto del Rey   07/04/2026   657.23 L864u L23986 07/04/2026 07/04/2026 Libro
        Biblioteca Prof. Eusebio Cleto del Rey Biblioteca Prof. Eusebio Cleto del Rey   07/04/2026   657.23 L864u L24289 07/04/2026 07/04/2026 Libro